000 01046nam a22002657a 4500
003 UPN
005 20230209064145.0
008 221004s2017 sp| |||fr|||| 000 0 spa d
020 _a9788416421596
040 _aMX-MxUPN
_bspa
_cMX-MxUPN
050 4 _aHV6626
_bV565 2017
245 0 0 _aViolencia de género y cooperación universitaria al desarrollo
250 _aPrimera edición
260 _aBarcelona :
_bAnthropos :
_bUniversidad Pablo de Olavide :
_bAgencia Andaluza de cooperación Internacional para el Desarrollo, Consejería de Igualdad y Políticas Sociales ,
_c2017
300 _a127 páginas
490 0 _aLibros de la Revista Anthropos
650 4 _aViolencia contra las mujeres
_99029
650 4 _aCooperación universitaria
_97352
700 1 _946951
_aPino Espejo, María José del
_edirectora
_ecordinadora
700 1 _946952
_aTorres Calzada, Katjia
_4editora
700 1 _946953
_aGuzmán Fluja, Vicente C.
_eescritor de presentación
902 _aVíctorGodínez/041022
942 _2lcc
_cLIBRO
999 _c208921
_d208921